Fundamental concepts of inorganic chemistry: Including coordination chemistry, V4 (Record no. 359516)

MARC details
000 -LEADER
fixed length control field 00611 a2200205 4500
005 - DATE & TIME
control field 20250111162857.0
008 - FIXED-LENGTH DATA ELEMENTS--GENERAL INFORMATION
fixed length control field 250111b |||||||| |||| 00| 0 eng d
020 ## - ISBN
International Standard Book Number 9789354661891
Price Rs. 650.00
040 ## - CATALOGING SOURCE
Original cataloging agency VIVEKANANDA LIBRARY
082 ## - DDC NUMBER
Classification number 546
Book Number D26F(2)
100 ## - MAIN ENTRY--PERSONAL NAME
Personal name Das, Asim K
245 ## - TITLE STATEMENT
Title Fundamental concepts of inorganic chemistry: Including coordination chemistry, V4
250 ## - EDITION STATEMENT
Edition statement 2nd
260 ## - PUBLICATION, DISTRIBUTION, ETC. (IMPRINT)
Name of publisher, distributor, etc CBS Publishers and Distributors
Date of publication, distribution, etc 2024
Place of publication, distribution, etc New Delhi
300 ## - PHYSICAL DESCRIPTION
Pages xv, 657
500 ## - GENERAL NOTE
General note As per the National Education Policy (NEP) 2023
650 ## - Subject
Subject Chemistry
650 ## - Subject
Subject Inorganic Chemistry
942 ## - ADDED ENTRY ELEMENTS (KOHA)
Koha item type Books
Holdings
Withdrawn status Lost status Source of classification or shelving scheme Damaged status Not for loan Location (home branch) Sublocation or collection (holding branch) Shelving location Date acquired Koha issues (times borrowed) Koha full call number Accession No. Koha date last seen Copy number Koha item type
    Dewey Decimal Classification     VIVEKANANDA LIBRARY VIVEKANANDA LIBRARY Vivekananda Library 09/01/2025   546 D26F(2) 441418 09/01/2025 V4 Books
    Dewey Decimal Classification     VIVEKANANDA LIBRARY VIVEKANANDA LIBRARY Vivekananda Library 09/01/2025   546 D26F(2) 441416 09/01/2025 V4 Books
    Dewey Decimal Classification     VIVEKANANDA LIBRARY VIVEKANANDA LIBRARY Vivekananda Library 09/01/2025   546 D26F(2) 441420 09/01/2025 V4 Books
    Dewey Decimal Classification     VIVEKANANDA LIBRARY VIVEKANANDA LIBRARY Vivekananda Library 09/01/2025   546 D26F(2) 441419 09/01/2025 V4 Books
    Dewey Decimal Classification     VIVEKANANDA LIBRARY VIVEKANANDA LIBRARY Vivekananda Library 09/01/2025   546 D26F(2) 441417 09/01/2025 V4 Books
© Designed and Maintained by Vivekananda Library, MDU Rohtak